Financial Accounting (Record no. 344797)
[ view plain ]
| 000 -LEADER | |
|---|---|
| fixed length control field | 00397 a2200157 4500 |
| 020 ## - INTERNATIONAL STANDARD BOOK NUMBER | |
| International Standard Book Number | 0170123790 |
| 082 ## - DEWEY DECIMAL CLASSIFICATION NUMBER | |
| Classification number | 657 |
| 090 ## - LOCALLY ASSIGNED LC-TYPE CALL NUMBER (OCLC); LOCAL CALL NUMBER (RLIN) | |
| -- | 2296 |
| -- | 2296 |
| 100 ## - MAIN ENTRY--PERSONAL NAME | |
| Personal name | Trotman, Ken |
| 245 ## - TITLE STATEMENT | |
| Title | Financial Accounting |
| Remainder of title | An Integrated Approach |
| Statement of responsibility, etc. | Ken Trotman |
| Medium | Michael Gibbins |
| 250 ## - EDITION STATEMENT | |
| Edition statement | 3rd ed. |
| 260 ## - PUBLICATION, DISTRIBUTION, ETC. | |
| Place of publication, distribution, etc. | Australia |
| Name of publisher, distributor, etc. | Thomson |
| Date of publication, distribution, etc. | 2005 |
| 300 ## - PHYSICAL DESCRIPTION | |
| Extent | 824 |
| 500 ## - GENERAL NOTE | |
| General note | Paper Cover |
| 942 ## - ADDED ENTRY ELEMENTS (KOHA) | |
| Institution code [OBSOLETE] | NBS |
| Koha item type | Book |
| Call number prefix | 657 TRO |
| Withdrawn status | Lost status | Source of classification or shelving scheme | Damaged status | Not for loan | Permanent Location | Current Location | Date acquired | Total Checkouts | Full call number | Barcode | Date last seen | Date last checked out | Price effective from | Koha item type | Public note |
|---|---|---|---|---|---|---|---|---|---|---|---|---|---|---|---|
| Write Off | Central Library (CL) | Central Library (CL) | 08/28/2013 | 2 | 657 TRO | NBS7483 | 11/25/2014 | 11/07/2014 | 08/28/2013 | Book | Write off File No.0908/IRC/NBS Dated Aug 16, 2018 |
